Представление документа в формате MARC21

Поле Инд. ПП Название Значение
Тип записи a
Библиографический уровень m
001 Контрольный номер d658a96224f84e12b2142c67c2f1b7db
005 Дата корректировки 20250520133404.4
020 a ISBN 978-5-7995-1216-3
080 a Индекс УДК 004.67(075.8)
090 a Полочн. индекс 004
x Авторский знак В 49
097 b Оператор *Фа*
100 1_ a Автор Виноградов Г.П.
245 10 a Заглавие Визуальное программирование в MS Excel
b Продолж. заглавия учебное пособие
c Ответственность Тверской государственный технический университет
250 a Основные сведения об издании 2-е изд., перераб.
260 a Место издания Тверь
b Издательство ТвГТУ
c Дата издания 2022
300 a Объем 188 с.
515 a Прим. об особенностях нумерации № 4966
516 8_ a Прим. о типе комп. файла/ данных Текст : электронный
520 0_ a Аннотация Рассмотрены методы работы одного из популярных офисных приложений – Microsoft Excel. Содержит лабораторные работы с описанием алгоритма решения конкретной задачи и необходимым теоретическим материалом.
535 1_ a Хранилище Сервер
653 0_ a Ключевые слова MS Excel
a Ключевые слова Визуальное программирование
a Ключевые слова Лабораторные работы
a Ключевые слова Вычислительные процессы
a Ключевые слова Обработка массивов
a Ключевые слова Циклический вычислительный процесс
a Ключевые слова Построение отчетов
a Ключевые слова Электронные таблицы
655 a Жанр/ форма (устаревшее) М
700 12 a Другие авторы Кирсанова Н.В.
900 a Имя макрообъекта 001-000148798-000000000-0000-0000-01
900 a Имя макрообъекта 001-000148798-000000000-0000-0000-03
901 t Тип документа m
905 a Дата создания записи 08.07.22
b Дата создания записи обработка 07.07.22
922 c Кафедра Информатика и прикладная математика
951 i EL-ТГТУ? Да
952 a Тип литературы для КСУ ВШ М2
990 g Размещение заказа (DOS) РИЦ
h N записи в КСУ для Б/У (DOS) 20/2022э